Städte Hessens - Sudden Death - Statistiken

Allgemein
  • Dieses Quiz wurde 1.233 mal gespielt
    360 seit der letzten Aktualisierung
  • Das Durchschnittsergebnis liegt bei 7 aus 17
Answers on the Grid
Answers color-coded by a green-red scale on the quiz's grid according to % correct below.
Gießen
Kassel
Weimar
Homburg
Frankfurt (Oder)
Fulda
Weinheim
Limburg an der Lahn
Marburg
Hofheim am Taunus
Idar-Oberstein
Hessisch Oldendorf
Bad Nauheim
Korbach
Westerburg
Gelnhausen
Wiesbaden
Hofgeismar
Heusweiler
Bad Wildbad
Lich
Landau
Rüsselsheim
Rothenburg
Klein-Gerau
Alsfeld
Langen
Melsungen
Dillendorf
Hünfeld
 
Antwortstatistiken
Antwort % Korrekt
Kassel
68%
Wiesbaden
66%
Fulda
65%
Gießen
61%
Marburg
61%
Limburg an der Lahn
54%
Rüsselsheim
49%
Hofheim am Taunus
46%
Korbach
38%
Bad Nauheim
37%
Alsfeld
31%
Gelnhausen
30%
Langen
29%
Melsungen
29%
Lich
23%
Hofgeismar
22%
Hünfeld
19%
Keine übereinstimmenden Quizze gefunden
Verteilung der Resultate
Anzahl Personen mit jedem Resultat
Perzentil nach korrekt beantworteten Fragen
Ihre Resultats-Entwicklung
Sie haben dieses Quiz seit der letzten Aktualisierung nicht gespielt